Normal view MARC view
  • Earthquake engineering

Entry Topical Term

Number of records used in: 1

001 - CONTROL NUMBER

  • control field: 29903

003 - CONTROL NUMBER IDENTIFIER

  • control field: NUST

005 - DATE AND TIME OF LATEST TRANSACTION

  • control field: 20200904111916.0

008 - FIXED-LENGTH DATA ELEMENTS

  • fixed length control field: 200904|| aca||aabn | a|a d

040 ## - CATALOGING SOURCE

  • Original cataloging agency: NUST
  • Transcribing agency: NUST

150 ## - HEADING--TOPICAL TERM

  • Topical term or geographic name entry element: Earthquake engineering

670 ## - SOURCE DATA FOUND

  • Source citation: Work cat.: (NUST)535377: Henry Wang 29889, Soil dynamics and earthquake engineering :, c2015.
© 2023 Central Library, National University of Sciences and Technology. All Rights Reserved.